| 000 | 00695nam a2200229Ia 4500 | ||
|---|---|---|---|
| 008 | 191130s1999##################000#0#eng## | ||
| 020 | _a9780471983033 | ||
| 022 | _a98038574 | ||
| 040 |
_aACL _cACL |
||
| 082 | _a153 SAL | ||
| 245 |
_aMind myths : exploring popular assumptions about the mind and brain _cedited by Sergio Della Sala |
||
| 260 |
_aHoboken, NJ _bWiley _cc1999 |
||
| 300 | _axvi, 291 p. : ill. ; 25 cm | ||
| 500 | _aIncludes bibliographical references (p. [255]-285) and index | ||
| 650 | _aBrain | ||
| 650 | _aIntellect | ||
| 650 | _aMind and body | ||
| 700 | _aDella Sala, Sergio | ||
| 990 | _a95e05461ac10000c28a7581dc06d42b8 | ||
| 991 | _a207357 | ||
| 999 |
_c11472 _d11472 |
||